<?xml version="1.0" encoding="UTF-8"?>
<record
    xmlns:xsi="http://www.w3.org/2001/XMLSchema-instance"
    xsi:schemaLocation="http://www.loc.gov/MARC21/slim http://www.loc.gov/standards/marcxml/schema/MARC21slim.xsd"
    xmlns="http://www.loc.gov/MARC21/slim">

  <leader>00762nam a22001817a 4500</leader>
  <controlfield tag="005">20260614140258.0</controlfield>
  <controlfield tag="008">260614b        |||||||| |||| 00| 0 eng d</controlfield>
  <datafield tag="020" ind1=" " ind2=" ">
    <subfield code="a">9960786498</subfield>
  </datafield>
  <datafield tag="040" ind1=" " ind2=" ">
    <subfield code="c">.</subfield>
  </datafield>
  <datafield tag="082" ind1=" " ind2=" ">
    <subfield code="a">417953141 S528 1998</subfield>
  </datafield>
  <datafield tag="100" ind1=" " ind2=" ">
    <subfield code="a">&#x627;&#x644;&#x633;&#x648;&#x64A;&#x62F;&#x627;&#x621; , &#x639;&#x628;&#x62F; &#x627;&#x644;&#x631;&#x62D;&#x645;&#x646; &#x628;&#x646; &#x632;&#x64A;&#x62F; </subfield>
  </datafield>
  <datafield tag="245" ind1=" " ind2=" ">
    <subfield code="a">&#x627;&#x644;&#x646;&#x643;&#x647;&#x629; &#x627;&#x644;&#x637;&#x627;&#x626;&#x64A;&#x629; &#x641;&#x64A; &#x627;&#x644;&#x644;&#x647;&#x62C;&#x629; &#x627;&#x644;&#x62D;&#x627;&#x626;&#x644;&#x64A;&#x629; : </subfield>
    <subfield code="b">/</subfield>
    <subfield code="c">&#x639;&#x628;&#x62F; &#x627;&#x644;&#x631;&#x62D;&#x645;&#x646; &#x628;&#x646; &#x632;&#x64A;&#x62F; &#x627;&#x644;&#x633;&#x648;&#x64A;&#x62F;&#x627;&#x621;</subfield>
  </datafield>
  <datafield tag="250" ind1=" " ind2=" ">
    <subfield code="a">1 &#x637;</subfield>
  </datafield>
  <datafield tag="260" ind1=" " ind2=" ">
    <subfield code="b">&#x627;&#x644;&#x633;&#x639;&#x648;&#x62F;&#x64A;&#x629; , &#x62D;&#x627;&#x626;&#x644; , &#x62F;&#x627;&#x631; &#x627;&#x644;&#x627;&#x646;&#x62F;&#x644;&#x633; &#x644;&#x644;&#x646;&#x634;&#x631; &#x648;&#x627;&#x644;&#x62A;&#x648;&#x632;&#x64A;&#x639;   , 1998</subfield>
  </datafield>
  <datafield tag="300" ind1=" " ind2=" ">
    <subfield code="a">119 &#x635;</subfield>
    <subfield code="c">23 &#x633;&#x645; </subfield>
  </datafield>
  <datafield tag="650" ind1=" " ind2=" ">
    <subfield code="z"> &#x627;&#x644;&#x644;&#x63A;&#x629; &#x627;&#x644;&#x639;&#x631;&#x628;&#x64A;&#x629; - &#x627;&#x644;&#x644;&#x647;&#x62C;&#x627;&#x62A; - &#x627;&#x644;&#x633;&#x639;&#x648;&#x62F;&#x64A;&#x629; | &#x627;&#x644;&#x644;&#x63A;&#x629; &#x627;&#x644;&#x639;&#x631;&#x628;&#x64A;&#x629; - &#x627;&#x644;&#x644;&#x647;&#x62C;&#x627;&#x62A; - &#x627;&#x644;&#x633;&#x639;&#x648;&#x62F;&#x64A;&#x629; - &#x62D;&#x627;&#x626;&#x644;</subfield>
  </datafield>
  <datafield tag="942" ind1=" " ind2=" ">
    <subfield code="2">ddc</subfield>
    <subfield code="c">BK-AR</subfield>
    <subfield code="n">0</subfield>
  </datafield>
  <datafield tag="999" ind1=" " ind2=" ">
    <subfield code="c">8989</subfield>
    <subfield code="d">8989</subfield>
  </datafield>
  <datafield tag="952" ind1=" " ind2=" ">
    <subfield code="0">0</subfield>
    <subfield code="1">0</subfield>
    <subfield code="2">ddc</subfield>
    <subfield code="4">0</subfield>
    <subfield code="7">0</subfield>
    <subfield code="a">CENTRAL</subfield>
    <subfield code="b">CENTRAL</subfield>
    <subfield code="d">2026-06-15</subfield>
    <subfield code="l">0</subfield>
    <subfield code="o">417953141 S528 1998</subfield>
    <subfield code="p">1000000018133</subfield>
    <subfield code="r">2026-06-15 11:14:53</subfield>
    <subfield code="t">C1</subfield>
    <subfield code="w">2026-06-15</subfield>
    <subfield code="y">BK-AR</subfield>
  </datafield>
  <datafield tag="952" ind1=" " ind2=" ">
    <subfield code="0">0</subfield>
    <subfield code="1">0</subfield>
    <subfield code="2">ddc</subfield>
    <subfield code="4">0</subfield>
    <subfield code="7">0</subfield>
    <subfield code="a">CENTRAL</subfield>
    <subfield code="b">CENTRAL</subfield>
    <subfield code="d">2026-06-15</subfield>
    <subfield code="l">0</subfield>
    <subfield code="o">417953141 S528 1998</subfield>
    <subfield code="p">1000000018134</subfield>
    <subfield code="r">2026-06-15 11:14:00</subfield>
    <subfield code="t">C1</subfield>
    <subfield code="w">2026-06-15</subfield>
    <subfield code="y">BK-AR</subfield>
  </datafield>
</record>
